书目信息 |
| 题名: |
中级财务会计
|
|
| 作者: | 杨有红 主编 | |
| 分册: | ||
| 出版信息: | 北京 中央广播电视大学出版社 2008.03 |
|
| 页数: | 346页 | |
| 开本: | 20cm | |
| 丛书名: | ||
| 单 册: | ||
| 中图分类: | F234.4 | |
| 科图分类: | ||
| 主题词: | 会计 | |
| 电子资源: | ||
| ISBN: | 978-7-304-02159-7 | |
| 000 | 00608nam0 2200229 45 | |
| 001 | 0951848141 | |
| 005 | 20091101142503.21 | |
| 010 | @a978-7-304-02159-7@dCNY29.00 | |
| 100 | @a20090515d2008 ekmy0 y0120 ea | |
| 102 | @aCN@b130000 | |
| 102 | @aCN@b110000 | |
| 105 | @ay z 000yy | |
| 200 | 1 | @a中级财务会计@f杨有红主编@Fyang you hong zhu bian |
| 205 | @a2版 | |
| 210 | @a北京@c中央广播电视大学出版社@d2008.03 | |
| 215 | @a346页@d20cm | |
| 606 | 0 | @a会计 |
| 690 | @aF234.4@v4 | |
| 701 | 0 | @a杨有红@Ayang you hong@4主编 |
| 801 | 0 | @aCN@c20091101 |
| 905 | @a10447@dF234.4@eY320 | |
| 906 | @d29@n3@r1 | |
| 中级财务会计/杨有红主编.-2版.-北京:中央广播电视大学出版社,2008.03 |
| 346页;20cm |
| ISBN 978-7-304-02159-7:CNY29.00 |
| ● |
| 相关链接 |
|
|
|
正题名:中级财务会计
索取号:F234.4/Y320
 
预约/预借
| 序号 | 登录号 | 条形码 | 馆藏地/架位号 | 状态 | 备注 |
| 1 | 897664 | 208976642 | 社科二线422/409社科库 78排1列5层/ [索取号:F234.4/Y320] | 在馆 | |
| 2 | 897665 | 208976651 | 社科库409/409社科库 78排1列5层/ [索取号:F234.4/Y320] | 在馆 | |
| 3 | 897666 | 208976660 | 社科二线422/409社科库 78排1列5层/ [索取号:F234.4/Y320] | 在馆 |